[Event "XV Open"]
[Site "Crema ITA"]
[Date "2013.08.30"]
[Round "1"]
[White "Distratis, Gianluca"]
[Black "Frugoni, Giulio"]
[WhiteElo "1970"]
[BlackElo "1599"]
[Result "1-0"]
[PlyCount "45"]
[EventDate "2013.08.30"]

1. d4 d5 2. c4 e6 3. Nc3 a6 4. Qc2 dxc4 5. Nf3 Nf6 6. Bg5 Be7 7. e4 b5 8. a4
Bb7 9. axb5 axb5 10. Rxa8 Bxa8 11. e5 Nd5 12. Bxe7 Qxe7 13. Nxb5 Qb4+ 14. Nc3
O-O 15. Ng5 g6 16. h4 Ne7 17. h5 Nf5 18. hxg6 hxg6 19. Nh7 Rd8 20. Nf6+ Kf8 21.
Qd2 Rxd4 22. Rh8+ Ke7 23. Re8# 1-0

[Event "XV Open"]
[Site "Crema ITA"]
[Date "2013.08.30"]
[Round "1"]
[White "Dragojlovic, Andjelko"]
[Black "Marzatico, Luca"]
[WhiteElo "2349"]
[BlackElo "1713"]
[Result "1-0"]
[PlyCount "73"]
[EventDate "2013.08.30"]

1. e4 e5 2. Nc3 Nf6 3. g3 Bc5 4. Bg2 O-O 5. Nge2 d6 6. O-O Nc6 7. h3 Bd7 8. Kh2
Qe7 9. d3 h6 10. f4 exf4 11. gxf4 Rae8 12. d4 Bb6 13. e5 dxe5 14. fxe5 Nh7 15.
Nd5 Qd8 16. Nxb6 axb6 17. c3 Qc8 18. Ng3 Ne7 19. Rg1 Kh8 20. Qh5 Nf5 21. Nxf5
Bxf5 22. Bxb7 Qe6 23. Qf3 Bg6 24. Bd5 Qe7 25. Bf4 c5 26. Bc6 cxd4 27. Bxe8 dxc3
28. Ba4 cxb2 29. Rae1 b1=Q 30. Rxb1 Bxb1 31. Rxb1 Qc5 32. Rg1 g5 33. Bg3 f5 34.
exf6 Nxf6 35. Qe2 Nd5 36. Qe5+ Nf6 37. Rf1 1-0

[Event "XV Open"]
[Site "Crema ITA"]
[Date "2013.08.30"]
[Round "1"]
[White "Fantina, Carla"]
[Black "Alati, Alberto"]
[WhiteElo "1425"]
[BlackElo "1764"]
[Result "0-1"]
[PlyCount "80"]
[EventDate "2013.08.30"]

1. c4 Nf6 2. g3 c5 3. Bg2 Nc6 4. Nc3 e6 5. e4 Be7 6. Nf3 Rb8 7. O-O O-O 8. d4
d5 9. Bf4 Ra8 10. exd5 exd5 11. cxd5 Nb4 12. d6 Bxd6 13. Bxd6 Qxd6 14. dxc5
Qxc5 15. Rc1 Qa5 16. a3 Nc6 17. Qa4 Qb6 18. b4 Be6 19. Ng5 Bc4 20. Rfe1 Ng4 21.
Nce4 Nce5 22. Nc5 Nd3 23. Nxd3 Bxd3 24. Rc5 Qf6 25. f3 Qd4+ 26. Kh1 Nf2+ 27.
Kg1 b5 28. Qb3 Ne4+ 29. Kh1 Nxc5 30. bxc5 Bc4 31. Qe3 Qxe3 32. Rxe3 Rfe8 33.
Rxe8+ Rxe8 34. h3 Rc8 35. Ne4 f5 36. Nd6 Rxc5 37. Nxc4 bxc4 38. g4 f4 39. Bf1
c3 40. Kg2 c2 0-1

[Event "XV Open"]
[Site "Crema ITA"]
[Date "2013.08.30"]
[Round "1"]
[White "Fiammetti, Gianluca"]
[Black "Bongiorni, Gabriele"]
[WhiteElo "1467"]
[BlackElo "1806"]
[Result "0-1"]
[PlyCount "84"]
[EventDate "2013.08.30"]

1. e4 c5 2. c4 g6 3. Nc3 Bg7 4. g3 Nc6 5. Bg2 d6 6. Nge2 Nf6 7. d3 Bd7 8. O-O
Qc8 9. Be3 Bh3 10. Qc1 Bxg2 11. Kxg2 h5 12. Bg5 Ne5 13. Qd2 Nh7 14. Nd5 Nxg5
15. Qxg5 Qd7 16. Qd2 h4 17. Rh1 h3+ 18. Kf1 Rc8 19. Rb1 Qg4 20. Qf4 Qxf4 21.
Nexf4 g5 22. Ne2 Nxd3 23. Ne3 b6 24. Nf5 Bxb2 25. a3 Bd4 26. Nfxd4 cxd4 27. Rd1
Ne5 28. Rxd4 Rxc4 29. Rxc4 Nxc4 30. a4 Nd2+ 31. Ke1 Nxe4 32. Nd4 Kd7 33. Ke2
Rc8 34. Ke3 Nf6 35. Rd1 Ng4+ 36. Ke2 Rc4 37. Nf3 Rxa4 38. Nxg5 Nxh2 39. Nxh3
Ra2+ 40. Ke3 Ng4+ 41. Kf3 f5 42. Kg2 Ne3+ 0-1

[Event "XV Open"]
[Site "Crema ITA"]
[Date "2013.08.30"]
[Round "1"]
[White "Folcini, Gaddo"]
[Black "Reale, Simone"]
[WhiteElo "1558"]
[BlackElo "1941"]
[Result "0-1"]
[PlyCount "66"]
[EventDate "2013.08.30"]

1. e4 c5 2. d4 cxd4 3. c3 Nf6 4. e5 Nd5 5. cxd4 Nc6 6. Nf3 e6 7. Bc4 Nb6 8. Bb3
d5 9. O-O Be7 10. Nc3 Bd7 11. Bd2 Na5 12. Bc2 Nbc4 13. Bc1 b5 14. b3 Nb6 15. a4
bxa4 16. Nxa4 Bxa4 17. bxa4 Nbc4 18. Nd2 Rc8 19. Nxc4 Nxc4 20. a5 O-O 21. Qd3
g6 22. Bh6 Re8 23. Ba4 Nb2 24. Qb5 Nxa4 25. Qxa4 Rc4 26. Qd1 Bg5 27. Bxg5 Qxg5
28. f4 Qf5 29. Rf2 Qe4 30. Rd2 Qe3+ 31. Kh1 Qxf4 32. Ra4 Rxa4 33. Qxa4 Qf1# 0-1

[Event "XV Open"]
[Site "Crema ITA"]
[Date "2013.08.30"]
[Round "1"]
[White "Gerundino, Nicola"]
[Black "Guasconi, Lelio"]
[WhiteElo "1965"]
[BlackElo "1595"]
[Result "1-0"]
[PlyCount "95"]
[EventDate "2013.08.30"]

1. e4 d5 2. exd5 e6 3. dxe6 Bxe6 4. d4 Nf6 5. Nf3 Be7 6. Bd3 Bg4 7. O-O O-O 8.
Re1 c5 9. dxc5 Bxc5 10. h3 Bh5 11. Nc3 Nc6 12. Bg5 h6 13. Bxf6 gxf6 14. Ne4 Bb6
15. Ng3 Bg6 16. Nf5 Bxf5 17. Bxf5 Nd4 18. Nxd4 Qxd4 19. Qxd4 Bxd4 20. c3 Be5
21. Rad1 Rad8 22. Bd7 Kg7 23. Re4 h5 24. Kf1 b6 25. Ke2 Kg6 26. f4 Bb8 27. Red4
Bc7 28. R1d3 Kh6 29. g3 Kg6 30. Rc4 Bb8 31. b4 Rg8 32. Rc6 Kg7 33. a4 Rh8 34.
h4 Rh6 35. c4 Kf8 36. c5 bxc5 37. bxc5 Ke7 38. Bf5 Rxd3 39. Kxd3 Rh8 40. Ke4
Rg8 41. Rc8 Rxc8 42. Bxc8 a5 43. g4 hxg4 44. Bxg4 Ba7 45. Kd5 Bb8 46. Kc6 Kd8
47. Kb7 Bxf4 48. Bf5 1-0

[Event "XV Open"]
[Site "Crema ITA"]
[Date "2013.08.30"]
[Round "1"]
[White "Gorini, Michele"]
[Black "Poletto, Daniele"]
[WhiteElo "1394"]
[BlackElo "1744"]
[Result "0-1"]
[PlyCount "44"]
[EventDate "2013.08.30"]

1. Nf3 c5 2. g3 Nc6 3. Bg2 g6 4. d4 cxd4 5. Nxd4 Bg7 6. Nxc6 bxc6 7. c3 Nf6 8.
Nd2 O-O 9. Nf3 a5 10. O-O Ba6 11. Re1 Qb6 12. h3 Ne4 13. Be3 Qxb2 14. Qxd7 Bxc3
15. Bd4 Rfc8 16. Bxc3 Nxc3 17. Qxe7 Re8 18. Qf6 Nxe2+ 19. Rxe2 Qxf6 20. Rxe8+
Rxe8 21. Rc1 Re2 22. Bf1 Qxf3 0-1

[Event "XV Open"]
[Site "Crema ITA"]
[Date "2013.08.30"]
[Round "1"]
[White "Impellizzeri, Francesco"]
[Black "Rosini, Luca Ungaro"]
[WhiteElo "1872"]
[BlackElo "1527"]
[Result "0-1"]
[PlyCount "108"]
[EventDate "2013.08.30"]

1. c4 Nf6 2. Nf3 d6 3. d4 g6 4. Nc3 Bg7 5. e4 O-O 6. h3 Nbd7 7. Be2 e5 8. Bg5
h6 9. Be3 c6 10. Qd2 Kh7 11. O-O-O b5 12. cxb5 cxb5 13. dxe5 b4 14. exf6 bxc3
15. bxc3 Bxf6 16. Bd4 Qc7 17. Bxf6 Nxf6 18. Qd4 Nd7 19. Bd3 Ne5 20. Bc2 Be6 21.
Bb3 Qa5 22. Kb2 Rab8 23. Nxe5 dxe5 24. Qd6 Qb5 25. Qa3 Qe2+ 26. Ka1 Bxb3 27.
axb3 Qc2 28. b4 a5 29. bxa5 Rb3 30. Qc1 Qxe4 31. c4 Rfb8 32. a6 Qc6 33. Rd2
R8b4 34. Ra2 Ra4 35. Qc2 Rba3 36. Rxa3 Rxa3+ 37. Kb2 Qxa6 38. Qe4 Ra2+ 39. Kc1
Qa3+ 40. Kd1 Qb3+ 41. Ke1 Qc3+ 42. Kf1 Qc1+ 43. Qe1 Qxe1+ 44. Kxe1 Ra1+ 45. Kd2
Rxh1 46. Kc3 Kg7 47. Kb4 Kf8 48. Kc5 Ke7 49. Kc6 Rf1 50. f3 Rf2 51. c5 Rxg2 52.
Kb7 Kf6 53. c6 Kf5 54. c7 Rc2 0-1

[Event "XV Open"]
[Site "Crema ITA"]
[Date "2013.08.30"]
[Round "1"]
[White "Losi, Paolo"]
[Black "Sanchez, Joseph"]
[WhiteElo "1728"]
[BlackElo "2541"]
[Result "0-1"]
[PlyCount "30"]
[EventDate "2013.08.30"]

1. d4 Nf6 2. Nf3 d5 3. c4 c6 4. Nc3 dxc4 5. e4 b5 6. Bg5 b4 7. e5 bxc3 8. exf6
exf6 9. Bxf6 Qa5 10. bxc3 Qxc3+ 11. Nd2 gxf6 12. Bxc4 Bh6 13. Qe2+ Be6 14. O-O
Qxd2 15. Qxd2 Bxd2 0-1

[Event "XV Open"]
[Site "Crema ITA"]
[Date "2013.08.30"]
[Round "1"]
[White "Madaschi, Sergio"]
[Black "De Paoli, Emilio"]
[WhiteElo "1493"]
[BlackElo "1839"]
[Result "0-1"]
[PlyCount "62"]
[EventDate "2013.08.30"]

1. e4 c5 2. Nf3 d6 3. d4 cxd4 4. Nxd4 Nf6 5. Nc3 a6 6. Bg5 Nbd7 7. f4 b5 8. a3
Bb7 9. Bxf6 gxf6 10. Be2 Rg8 11. Bf3 Bh6 12. g3 e6 13. Qe2 Rc8 14. O-O-O Rxc3
15. bxc3 f5 16. exf5 Bxf3 17. Nxf3 Qa5 18. fxe6 Ne5 19. exf7+ Kxf7 20. Nxe5+
dxe5 21. Rd7+ Ke6 22. Rhd1 Qxc3 23. Kb1 Bf8 24. R1d3 Qc5 25. Rxh7 Bd6 26. fxe5
Bxe5 27. Re3 Rg5 28. Rh6+ Ke7 29. Rxa6 Rf5 30. Ka2 Qd5+ 31. Rb3 Qd4 0-1

[Event "XV Open"]
[Site "Crema ITA"]
[Date "2013.08.30"]
[Round "1"]
[White "Maraschi, Alberto"]
[Black "Cordioli, Luca"]
[WhiteElo "1339"]
[BlackElo "1731"]
[Result "0-1"]
[PlyCount "116"]
[EventDate "2013.08.30"]

1. e4 c5 2. Nf3 d6 3. d4 cxd4 4. Nxd4 g6 5. Bb5+ Bd7 6. Bxd7+ Nxd7 7. Nc3 Bg7
8. b3 Qa5 9. Bb2 Ngf6 10. O-O O-O 11. Nf3 Nxe4 12. Nxe4 Bxb2 13. Qe1 Qxe1 14.
Raxe1 d5 15. Ned2 e5 16. Nb1 e4 17. Ng5 h6 18. Nh3 Rac8 19. Re2 Be5 20. Rd1 Nb6
21. a4 a5 22. Na3 g5 23. f3 f5 24. g3 Rfd8 25. f4 Bf6 26. fxg5 Bxg5 27. Nb5 Kh7
28. Rf2 Be3 29. c3 Rd7 30. Kg2 Bxf2 31. Kxf2 Na8 32. c4 Nc7 33. Nxc7 Rcxc7 34.
cxd5 Rc2+ 35. Kg1 Rb2 36. Nf4 Rxb3 37. Ne6 Rd3 38. Re1 R7xd5 39. Nf4 Rd1 40.
Kf2 Rxe1 41. Nxd5 Ra1 42. Ne7 Rxa4 43. Nxf5 Ra2+ 44. Kg1 Rd2 45. Ne3 a4 46. h4
Rd3 47. Kf2 Rxe3 48. Kxe3 a3 49. Kxe4 a2 50. Kf4 a1=Q 51. Kg4 Qd4+ 52. Kh3 b5
53. h5 b4 54. g4 b3 55. Kg3 b2 56. Kh3 b1=R 57. Kg3 Rb3+ 58. Kh4 Qf2# 0-1

[Event "XV Open"]
[Site "Crema ITA"]
[Date "2013.08.30"]
[Round "1"]
[White "Marchesotti, Giovanni"]
[Black "Guzzetti, Luigi Enrico"]
[WhiteElo "1540"]
[BlackElo "1873"]
[Result "0-1"]
[PlyCount "90"]
[EventDate "2013.08.30"]

1. b3 Nf6 2. Bb2 g6 3. e4 d6 4. Be2 Bg7 5. Nf3 O-O 6. d3 c5 7. O-O Nc6 8. c4
Bg4 9. Nbd2 a6 10. h3 Bd7 11. a3 e5 12. Ne1 Nd4 13. Bxd4 cxd4 14. f4 exf4 15.
Rxf4 Bh6 16. Rf1 Ne8 17. Bg4 Bxg4 18. Qxg4 Bxd2 19. Qf3 Be3+ 20. Kh1 Ng7 21. g4
h5 22. Ng2 Bg5 23. Rf2 h4 24. Nf4 Bxf4 25. Qxf4 g5 26. Qd2 Qe7 27. Raf1 Ne6 28.
Rf5 Rac8 29. b4 Nf4 30. R1xf4 gxf4 31. Qxf4 f6 32. Rh5 Rf7 33. Rxh4 Rh7 34.
Rxh7 Qxh7 35. Kg2 Qe7 36. Qf5 Rc7 37. Qg6+ Kf8 38. Qh5 Qf7 39. Qh8+ Ke7 40. Qh4
b5 41. g5 bxc4 42. gxf6+ Qxf6 43. Qh7+ Qf7 44. Qh4+ Kd7 45. Qg4+ Kc6 0-1

[Event "XV Open"]
[Site "Crema ITA"]
[Date "2013.08.30"]
[Round "1"]
[White "Motola, Jacopo"]
[Black "Raimondi, Celso"]
[WhiteElo "2039"]
[BlackElo "1670"]
[Result "1-0"]
[PlyCount "103"]
[EventDate "2013.08.30"]

1. e4 c5 2. Nf3 d6 3. d4 cxd4 4. Qxd4 Nf6 5. Nc3 a6 6. Be3 Nc6 7. Qb6 e6 8. h3
Be7 9. Qxd8+ Nxd8 10. Bb6 Nc6 11. O-O-O O-O 12. Be2 Bd7 13. Nd2 d5 14. exd5
exd5 15. Nb3 Be6 16. Bf3 Ne5 17. Nxd5 Nxd5 18. Bxd5 Bxd5 19. Rxd5 Nc4 20. Bd4
Rad8 21. Rxd8 Rxd8 22. f4 Bh4 23. Rd1 Re8 24. Nd2 Ne3 25. Bxe3 Rxe3 26. Nf3 Bf6
27. Re1 Rxe1+ 28. Nxe1 Bd4 29. f5 g6 30. fxg6 hxg6 31. b3 Bc3 32. Nd3 b5 33.
Nc5 a5 34. a4 bxa4 35. Nxa4 Be5 36. Kd2 Kf8 37. Kd3 Ke7 38. Nc5 Bc7 39. Kc4 Kd6
40. Kb5 Kd5 41. Nb7 Kd4 42. c4 Ke3 43. Kc6 Be5 44. Kd7 Kf2 45. c5 Kxg2 46. c6
f5 47. Nd6 f4 48. c7 f3 49. c8=Q f2 50. Qc2 Kg1 51. Qxg6+ Bg3 52. Qxg3+ 1-0

[Event "XV Open"]
[Site "Crema ITA"]
[Date "2013.08.30"]
[Round "1"]
[White "Nordio, Giorgio"]
[Black "Ranfagni, Stefano"]
[WhiteElo "1666"]
[BlackElo "2038"]
[Result "0-1"]
[PlyCount "68"]
[EventDate "2013.08.30"]

1. c4 c5 2. g3 Nc6 3. Bg2 g6 4. Nc3 Bg7 5. d3 e5 6. e4 Nge7 7. Nge2 O-O 8. O-O
d6 9. f4 f5 10. Rb1 a5 11. a4 Nd4 12. Nd5 Nxd5 13. cxd5 fxe4 14. Nxd4 exd4 15.
dxe4 Qc7 16. b3 Bd7 17. Bb2 Rac8 18. Rc1 b5 19. Re1 bxa4 20. bxa4 Qb6 21. Rb1
c4 22. Kh1 Qc5 23. e5 c3 24. Rc1 Qb4 25. Ba1 Bxa4 26. Qd3 Bb5 27. Qd1 d3 28.
Re4 Qa3 29. Bxc3 Rxc3 30. Ra1 Qc5 31. Re1 a4 32. Ra2 Rc8 33. Ra1 Rc2 34. Be4
Qf2 0-1

[Event "XV Open"]
[Site "Crema ITA"]
[Date "2013.08.30"]
[Round "1"]
[White "Oteri, Aldo"]
[Black "Vecchio, Paolo L."]
[WhiteElo "1772"]
[BlackElo "1435"]
[Result "0-1"]
[PlyCount "96"]
[EventDate "2013.08.30"]

1. e4 c6 2. d4 d5 3. exd5 cxd5 4. c4 Nf6 5. Nc3 Bf5 6. cxd5 Nxd5 7. Qf3 e6 8.
Bc4 Bb4 9. Bd2 Bxc3 10. bxc3 O-O 11. Ne2 Nc6 12. O-O Rc8 13. Bd3 Bxd3 14. Qxd3
h6 15. Rab1 b6 16. c4 Nf6 17. Bc3 Ne5 18. Qc2 Nxc4 19. Qa4 Qd7 20. Qxd7 Nxd7
21. Rfc1 Rc7 22. a4 Rfc8 23. f4 Nf6 24. Ng3 Nd6 25. Bd2 Rxc1+ 26. Rxc1 Rxc1+
27. Bxc1 Nde4 28. Nxe4 Nxe4 29. Bb2 f5 30. Kf1 g5 31. fxg5 hxg5 32. Ke2 Kf7 33.
Ke3 Nd6 34. Bc1 a6 35. Kf3 Kf6 36. g4 b5 37. axb5 axb5 38. gxf5 Kxf5 39. Ba3
g4+ 40. Kg3 Nc4 41. Bb4 Nb2 42. Bd6 Nd3 43. Kg2 b4 44. Kf1 b3 45. Ba3 Ke4 46.
Kg2 Kf5 47. Kf1 b2 48. Bxb2 Nxb2 0-1

[Event "XV Open"]
[Site "Crema ITA"]
[Date "2013.08.30"]
[Round "1"]
[White "Pisani, Valerio"]
[Black "Bonade', Massimo"]
[WhiteElo "1706"]
[BlackElo "2100"]
[Result "0-1"]
[PlyCount "104"]
[EventDate "2013.08.30"]

1. e4 c5 2. c4 Nc6 3. Nc3 g6 4. g3 Bg7 5. Bg2 e6 6. d3 d6 7. Nge2 Nge7 8. O-O
O-O 9. Bg5 a6 10. Qd2 Rb8 11. a4 Re8 12. g4 Nd4 13. Nxd4 cxd4 14. Ne2 e5 15. h3
b5 16. axb5 axb5 17. b3 Qb6 18. Rfb1 Be6 19. Ng3 f6 20. Bh6 Ra8 21. Bxg7 Kxg7
22. Qb4 Bd7 23. Ra3 Rxa3 24. Qxa3 b4 25. Qb2 Ra8 26. Ra1 Ra5 27. Ne2 Nc6 28.
Nc1 Qc7 29. Rxa5 Qxa5 30. Bf3 Nd8 31. Qa2 Qb6 32. Qd2 g5 33. Kg2 Bc8 34. Kg3
Bb7 35. Na2 Nc6 36. Nc1 Kf7 37. Qe2 Ke7 38. Qd2 Kd7 39. Bd1 Nb8 40. Na2 Na6 41.
Kg2 Kc6 42. Nc1 Qa5 43. Qa2 Qa3 44. Qxa3 bxa3 45. Na2 Kc5 46. Kf1 Nb4 47. Nc1
a2 48. Nxa2 Nxa2 49. Ke2 Nc3+ 50. Kd2 Nxd1 51. Kxd1 Kb4 52. Kc2 Ka3 0-1

[Event "XV Open"]
[Site "Crema ITA"]
[Date "2013.08.30"]
[Round "1"]
[White "Salvador, Roland"]
[Black "Acunzo, Domenico"]
[WhiteElo "2461"]
[BlackElo "1723"]
[Result "1-0"]
[PlyCount "91"]
[EventDate "2013.08.30"]

1. d4 e6 2. c4 f5 3. g3 Nf6 4. Bg2 d5 5. Nf3 c6 6. O-O Bd6 7. Qc2 O-O 8. a3 a5
9. b3 Ne4 10. Ne5 Nd7 11. Nd3 Qf6 12. e3 Qg6 13. Nd2 Nxd2 14. Bxd2 Nf6 15. b4
Ne4 16. bxa5 Nxd2 17. Qxd2 Bc7 18. a6 Rxa6 19. Nc5 Ra7 20. cxd5 exd5 21. Rfb1
Qd6 22. Rb3 h6 23. Qb2 b6 24. Nd3 g5 25. Rc1 Ba6 26. Ne5 c5 27. a4 c4 28. Rbc3
Rb8 29. Qe2 b5 30. axb5 Bxb5 31. Qf3 Rf8 32. Qxd5+ Qxd5 33. Bxd5+ Kg7 34. Rb1
Rb8 35. Rcc1 Bxe5 36. dxe5 Rc7 37. Bxc4 Rbc8 38. Rxb5 Rxc4 39. Rb7+ Kg6 40.
Rb6+ Kg7 41. Rxc4 Rxc4 42. Rf6 f4 43. gxf4 gxf4 44. exf4 Re4 45. Kg2 Re1 46.
Rc6 1-0

[Event "XV Open"]
[Site "Crema ITA"]
[Date "2013.08.30"]
[Round "1"]
[White "Silini, Bruno"]
[Black "Castrogiovanni, Carlo"]
[WhiteElo "1604"]
[BlackElo "2007"]
[Result "0-1"]
[PlyCount "62"]
[EventDate "2013.08.30"]

1. g4 d5 2. h3 e6 3. Bg2 Bd6 4. c4 c6 5. Nc3 dxc4 6. Qa4 Nd7 7. Qxc4 Ne7 8. d4
Nb6 9. Qd3 Ng6 10. e4 Nh4 11. Bf1 O-O 12. e5 Bb4 13. Nf3 Nxf3+ 14. Qxf3 Qxd4
15. Qe3 c5 16. Qxd4 cxd4 17. a3 Bxc3+ 18. bxc3 dxc3 19. Be3 Nd5 20. Bc5 Rd8 21.
Bg2 Bd7 22. Bxd5 exd5 23. Bd4 Rdc8 24. Ke2 Rc4 25. Ke3 Rac8 26. Ra2 Kf8 27. f4
g6 28. Kd3 Ba4 29. h4 Ke7 30. f5 gxf5 31. g5 f4 0-1

[Event "XV Open"]
[Site "Crema ITA"]
[Date "2013.08.30"]
[Round "1"]
[White "Tagliaferri, Valerio"]
[Black "Sperli', Maurizio"]
[WhiteElo "1862"]
[BlackElo "1511"]
[Result "1-0"]
[PlyCount "85"]
[EventDate "2013.08.30"]

1. c4 g6 2. Nc3 Bg7 3. g3 d6 4. Bg2 Nd7 5. e4 e5 6. Nge2 Ne7 7. d3 O-O 8. Be3
f5 9. Qd2 a6 10. h4 Nf6 11. Bg5 fxe4 12. dxe4 Be6 13. b3 Ng4 14. f3 Nf6 15.
O-O-O Nh5 16. g4 Nf4 17. Nxf4 exf4 18. Nd5 Bxd5 19. exd5 Be5 20. h5 Qd7 21. Qc2
b5 22. Bxe7 Qxe7 23. hxg6 hxg6 24. Qxg6+ Qg7 25. Qxg7+ Kxg7 26. Bf1 bxc4 27.
Bxc4 a5 28. a4 Rh8 29. Kc2 Rxh1 30. Rxh1 Rh8 31. Rxh8 Kxh8 32. Bd3 Bd4 33. Be4
Kg7 34. Kd3 Bc5 35. Kc4 Kf6 36. Kb5 Bb6 37. b4 axb4 38. Kxb4 Ke7 39. Kb5 Kd8
40. Bf5 Be3 41. a5 c6+ 42. Kxc6 Ba7 43. Kxd6 1-0

[Event "XV Open"]
[Site "Crema ITA"]
[Date "2013.08.30"]
[Round "1"]
[White "Tahiraj, Almir"]
[Black "Giassi, Roberto"]
[WhiteElo "1831"]
[BlackElo "1470"]
[Result "1-0"]
[PlyCount "63"]
[EventDate "2013.08.30"]

1. d4 d5 2. Nf3 Nf6 3. Bf4 e6 4. e3 g6 5. Bd3 Bg7 6. Nbd2 O-O 7. O-O Nbd7 8. c4
c6 9. Qc2 Re8 10. b4 Qe7 11. c5 e5 12. Bxe5 Nxe5 13. Nxe5 Ng4 14. Nxg4 Bxg4 15.
h3 Bd7 16. Qd1 Bf5 17. Bxf5 gxf5 18. Qf3 Qg5 19. g3 Re7 20. Rab1 a6 21. a4 Rae8
22. b5 f4 23. Qxf4 Qg6 24. bxa6 Qd3 25. axb7 Rb8 26. Qxb8+ Bf8 27. Nf3 Qe4 28.
Qf4 Qg6 29. Qg5 h6 30. Qxg6+ fxg6 31. b8=Q Kh7 32. Qxf8 1-0

[Event "XV Open"]
[Site "Crema ITA"]
[Date "2013.08.30"]
[Round "1"]
[White "Takahashi, Saera"]
[Black "Righini, Giovanni"]
[WhiteElo "1516"]
[BlackElo "1868"]
[Result "0-1"]
[PlyCount "80"]
[EventDate "2013.08.30"]

1. Nf3 Nf6 2. g3 b6 3. Bg2 Bb7 4. O-O e6 5. d3 d5 6. Nbd2 Be7 7. Re1 O-O 8. h4
Nbd7 9. c3 c5 10. d4 Qc7 11. Nf1 Bd6 12. N3h2 Rac8 13. Qd3 cxd4 14. cxd4 Qc4
15. Qa3 Bxa3 16. e3 Bd6 17. Nd2 Qd3 18. Bf1 Qf5 19. Ndf3 Bb4 20. Rd1 h5 21. Bd3
Ne4 22. Rf1 Ndf6 23. Bd2 Bd6 24. Ng5 Ng4 25. f3 Nxh2 26. fxe4 Nxf1 27. Rxf1 Qg4
28. e5 Qxg3+ 29. Kh1 Qxh4+ 30. Kg1 Qxg5+ 31. Kh2 Qh4+ 32. Kg2 Be7 33. Rf4 Qg5+
34. Kh3 Qg1 35. Rf1 Qg4+ 36. Kh2 Bh4 37. Rg1 Qf3 38. Rg2 Bf2 39. a3 Bxe3 40.
Be2 Qf4+ 0-1

[Event "XV Open"]
[Site "Crema ITA"]
[Date "2013.08.30"]
[Round "1"]
[White "Tedoldi, Guido"]
[Black "Gobbo, Francesco"]
[WhiteElo "1597"]
[BlackElo "1967"]
[Result "0-1"]
[PlyCount "88"]
[EventDate "2013.08.30"]

1. c4 Nf6 2. Nc3 e6 3. d4 d5 4. cxd5 exd5 5. Bg5 c6 6. Nf3 Be7 7. e3 O-O 8. Bd3
Nbd7 9. O-O h6 10. Bf4 Nh5 11. Re1 Nxf4 12. exf4 Nf6 13. Qc2 Bd6 14. Ne5 c5 15.
Nb5 c4 16. Bf5 Bb4 17. Re2 a6 18. Nc3 Bd6 19. Rae1 Bxf5 20. Qxf5 Qc8 21. Qc2 b5
22. a3 b4 23. Nb1 a5 24. Qa4 Qc7 25. g3 Rab8 26. Nc6 Rb7 27. Nxa5 Ra7 28. axb4
Bxb4 29. Qxb4 Rxa5 30. Na3 Rb8 31. Qd2 Ne4 32. Qc2 c3 33. f3 Rxb2 34. Qc1 Rxe2
35. Rxe2 Nd2 36. Kf2 g6 37. Nc2 Nb3 38. Qe1 Ra7 39. Re3 Ra2 40. Re2 Kg7 41. Qd1
Qc4 42. Ke1 Nd2 43. Kf2 Qd3 44. Qc1 Rxc2 0-1

[Event "XV Open"]
[Site "Crema ITA"]
[Date "2013.08.30"]
[Round "1"]
[White "Tirelli, Mauro"]
[Black "Palma, Maria"]
[WhiteElo "2038"]
[BlackElo "1646"]
[Result "1-0"]
[PlyCount "51"]
[EventDate "2013.08.30"]

1. d4 d5 2. Nf3 Nf6 3. e3 c5 4. c3 e6 5. Bd3 Nbd7 6. O-O Bd6 7. Nbd2 O-O 8. e4
e5 9. exd5 Nxd5 10. Nc4 Qc7 11. dxe5 Nxe5 12. Nfxe5 Bxe5 13. Qh5 f5 14. Nxe5
Qxe5 15. Bd2 Be6 16. Rfe1 Qd6 17. Qf3 Rae8 18. Rad1 a6 19. Bc4 b5 20. Rxe6 Rxe6
21. Bxd5 Rd8 22. Bxe6+ Qxe6 23. Be3 Rxd1+ 24. Qxd1 Qxa2 25. Bxc5 Qxb2 26. Qd5+
1-0

[Event "XV Open"]
[Site "Crema ITA"]
[Date "2013.08.30"]
[Round "1"]
[White "Ventura, Franco"]
[Black "Ferrari, Paolo"]
[WhiteElo "2091"]
[BlackElo "1700"]
[Result "1-0"]
[PlyCount "59"]
[EventDate "2013.08.30"]

1. e4 c5 2. Nc3 Nc6 3. f4 g6 4. Nf3 Bg7 5. Bb5 Nf6 6. e5 Ng4 7. O-O O-O 8. h3
Nh6 9. Bxc6 bxc6 10. d3 Nf5 11. Qe1 Nd4 12. Qf2 Nxf3+ 13. Qxf3 Qc7 14. Be3 d6
15. Rae1 Re8 16. Kh1 f5 17. Bf2 dxe5 18. fxe5 Bxe5 19. Bxc5 Rb8 20. d4 Bg7 21.
b4 e5 22. dxe5 Rxe5 23. Qd3 Bf8 24. Bxf8 Kxf8 25. Qd4 Ba6 26. Rxf5+ gxf5 27.
Rxe5 Bc8 28. Qc5+ Kf7 29. Qc4+ Kf6 30. Nd5+ 1-0

[Event "XV Open"]
[Site "Crema ITA"]
[Date "2013.08.30"]
[Round "2"]
[White "Acunzo, Domenico"]
[Black "Takahashi, Saera"]
[WhiteElo "1723"]
[BlackElo "1516"]
[Result "1-0"]
[PlyCount "65"]
[EventDate "2013.08.30"]

1. e4 c5 2. Nf3 d6 3. Be2 Nc6 4. c3 e6 5. d4 cxd4 6. cxd4 d5 7. e5 Be7 8. O-O
a6 9. a4 Bd7 10. Nc3 f6 11. Be3 Qc7 12. Bf4 f5 13. Qd2 Bb4 14. Qe3 O-O-O 15.
Ng5 Rf8 16. Nxd5 exd5 17. e6 Bd6 18. exd7+ Qxd7 19. Bxd6 Qxd6 20. Nf7 Rxf7 21.
Qe8+ Nd8 22. Rac1+ Rc7 23. Bd3 g6 24. b4 Qxb4 25. Rxc7+ Kxc7 26. Rc1+ Nc6 27.
Qe5+ Qd6 28. Qxh8 Nf6 29. Qg7+ Kb6 30. h3 Qf4 31. Rb1+ Ka5 32. Qxb7 Kxa4 33.
Ra1# 1-0

[Event "XV Open"]
[Site "Crema ITA"]
[Date "2013.08.30"]
[Round "2"]
[White "Agnelli, Francesco"]
[Black "Conti, Ferdinando"]
[WhiteElo "2035"]
[BlackElo "1734"]
[Result "1-0"]
[PlyCount "79"]
[EventDate "2013.08.30"]

1. e4 c5 2. Nf3 Nc6 3. d4 cxd4 4. Nxd4 e5 5. Nb5 d6 6. N1c3 a6 7. Na3 b5 8. Nd5
Nf6 9. Bg5 Be7 10. Bxf6 Bxf6 11. c3 O-O 12. Nc2 Bg5 13. a4 bxa4 14. Rxa4 Kh8
15. g3 f6 16. Bg2 Ne7 17. O-O Bd7 18. Ra2 Bb5 19. Re1 Bc4 20. Ra3 Bxd5 21. exd5
Qb6 22. Re4 a5 23. b4 f5 24. bxa5 Rxa5 25. Rb4 Rb5 26. Qb1 Rxb4 27. Qxb4 Qxb4
28. Nxb4 Rc8 29. h4 Bf6 30. Bf1 h6 31. Bb5 Rc5 32. c4 e4 33. Ra7 Nc8 34. Ra8
Kh7 35. Ra6 Be5 36. Nc6 Bf6 37. Nb8 Be5 38. Nd7 Bd4 39. Nf8+ Kg8 40. Ne6 1-0

[Event "XV Open"]
[Site "Crema ITA"]
[Date "2013.08.30"]
[Round "2"]
[White "Alati, Alberto"]
[Black "Motola, Jacopo"]
[WhiteElo "1764"]
[BlackElo "2039"]
[Result "0-1"]
[PlyCount "130"]
[EventDate "2013.08.30"]

1. c4 f5 2. Nc3 Nf6 3. d3 b6 4. g3 Bb7 5. Nf3 e6 6. Bg2 Be7 7. O-O O-O 8. Rb1
c5 9. Bf4 Nh5 10. Bd2 Nc6 11. e3 Nf6 12. a3 d5 13. Ne2 dxc4 14. dxc4 Ne4 15.
Qc2 Qc7 16. Rfd1 Rad8 17. Nf4 Rd6 18. Bc3 Rfd8 19. Rd3 Nxc3 20. Qxc3 Bf6 21.
Qc2 Rxd3 22. Nxd3 Qd6 23. Nf4 Ne5 24. Nxe5 Bxg2 25. Kxg2 Bxe5 26. b4 g5 27. Nh3
Bf6 28. Ng1 Kf7 29. Kf3 g4+ 30. Ke2 Rd7 31. Rb3 Qe5 32. b5 h5 33. h4 Ke7 34. a4
Qa1 35. Rb1 Qe5 36. Rb3 Rd4 37. Ke1 Qe4 38. Rc3 Qxc2 39. Rxc2 Rd3 40. Ne2 Be5
41. Ra2 Bc7 42. Ra1 e5 43. Kf1 Rb3 44. Ra2 Bd8 45. Ke1 Rb4 46. Kd2 Rxc4 47. Kd3
Rb4 48. Nc3 Ke6 49. e4 f4 50. Rd2 Be7 51. Ra2 Rd4+ 52. Kc2 Bd8 53. Kb3 c4+ 54.
Kc2 fxg3 55. fxg3 Rd3 56. Ne2 Re3 57. Kd2 Rxe4 58. Kc3 Bc7 59. Kd2 Rd4+ 60.
Nxd4+ exd4 61. Ra3 Kd5 62. Kc2 d3+ 63. Kc3 Bxg3 64. Ra2 Kc5 65. a5 Be1+ 0-1

[Event "XV Open"]
[Site "Crema ITA"]
[Date "2013.08.30"]
[Round "2"]
[White "Aleksic, Nenad"]
[Black "Tagliaferri, Valerio"]
[WhiteElo "2357"]
[BlackElo "1862"]
[Result "0-1"]
[PlyCount "108"]
[EventDate "2013.08.30"]

1. e4 c6 2. d4 d5 3. Nc3 dxe4 4. Nxe4 Bf5 5. Ng3 Bg6 6. Nf3 Nd7 7. Bc4 e6 8.
O-O Ngf6 9. Qe2 Qc7 10. Bb3 Be7 11. c3 O-O 12. Nh4 Nd5 13. Nxg6 hxg6 14. Ne4
Rfe8 15. Qf3 b5 16. a3 N7b6 17. Ng5 Bd6 18. g3 Nf6 19. Ne4 Nxe4 20. Qxe4 Nd5
21. Bd2 a6 22. Rfe1 Kf8 23. Rac1 Nb6 24. c4 bxc4 25. Bxc4 Qb7 26. Ba2 Nd5 27.
Rc2 Rec8 28. Rec1 a5 29. Bc4 a4 30. Qf3 Kg8 31. h4 Qd7 32. Bg5 Qe8 33. Kg2 Rab8
34. Rh1 Be7 35. Bd2 Bf6 36. Qe4 Qd8 37. h5 gxh5 38. Rxh5 g6 39. Rh1 Qb6 40. Be3
Qd8 41. Rhc1 Nxe3+ 42. fxe3 c5 43. Ba6 Rc7 44. Rxc5 Rxc5 45. Rxc5 Rxb2+ 46. Kf3
Kg7 47. Rc8 Qa5 48. Be2 Qh5+ 49. Qg4 Qh1+ 50. Kf2 Qh2+ 51. Ke1 Qg1+ 52. Bf1
Qxe3+ 53. Be2 Rb1+ 54. Rc1 Rxc1# 0-1